[Event "4NCL Division Three Bishops"]
[Site "Telford, ENG"]
[Date "2024.02.11"]
[Round "6.46"]
[White "Walner, Milenko"]
[Black "Fernando, Manel"]
[Result "0-1"]
[WhiteElo "1794"]
[BlackElo "1528"]
[PlyCount "111"]
[EventDate "2024.02.11"]
[WhiteTeam "The MASCeteers"]
[BlackTeam "Brown Jack"]

1. e4 e5 2. Nf3 Nc6 3. c3 Nf6 4. d4 d6 5. h3 Be7 6. d5 Nb8 7. Be3 Nbd7 8. Nbd2
b6 9. Bb5 Bb7 10. Ng5 a6 11. Ba4 O-O 12. Qe2 b5 13. Bc2 c6 14. dxc6 Bxc6 15.
O-O-O Qc7 16. h4 d5 17. exd5 Bxd5 18. Nde4 Qc6 19. Nxf6+ Nxf6 20. Qd3 e4 21.
Qe2 b4 22. Bd4 bxc3 23. Bxf6 Bxf6 24. Rxd5 Qxd5 25. Nxe4 cxb2+ 26. Kb1 Qc6 27.
Ng5 Rac8 28. Nxh7 Rfe8 29. Nxf6+ Qxf6 30. Qd3 Qxf2 31. Rf1 Re1+ 32. Rxe1 Qxe1+
33. Kxb2 Rb8+ 34. Bb3 Qxh4 35. g3 Qf6+ 36. Ka3 Qe7+ 37. Kb2 a5 38. a4 Rd8 39.
Qc2 Qb4 40. Qc4 Qxc4 41. Bxc4 g6 42. Kc3 Kg7 43. g4 f6 44. Bd3 Rb8 45. Bb5 Kh6
46. Bd7 Rb4 47. Kd3 Kg5 48. Kc3 Kf4 49. Kd3 f5 50. gxf5 gxf5 51. Ke2 Ke5 52.
Bb5 f4 53. Bc6 Kd4 54. Kf3 Kc3 55. Be4 Rxa4 56. Kxf4 0-1

[Event "4NCL Division Three Bishops"]
[Site "Telford, ENG"]
[Date "2024.02.11"]
[Round "6.51"]
[White "Kanyamarala, Tarun"]
[Black "Grillage, Andrew"]
[Result "1-0"]
[WhiteElo "2286"]
[BlackElo "2005"]
[PlyCount "57"]
[EventDate "2024.02.11"]
[WhiteTeam "Greater Woodpushers"]
[BlackTeam "Shropshire & Friends"]

1. d4 Nf6 2. c4 e6 3. g3 Bb4+ 4. Nd2 c5 5. a3 Bxd2+ 6. Qxd2 cxd4 7. Nf3 Nc6 8.
Nxd4 O-O 9. Bg2 Qe7 10. O-O Rd8 11. Rd1 a6 12. Bxc6 bxc6 13. Nxc6 Qe8 14. Nxd8
Qxd8 15. Qd4 h6 16. Bf4 Bb7 17. Be5 Bc6 18. Bxf6 gxf6 19. b4 Rb8 20. Qd2 Kh7
21. a4 d5 22. cxd5 Qxd5 23. Qxd5 Bxd5 24. Rab1 Bc6 25. Rd6 Bxa4 26. Rxa6 Bb5
27. Ra2 Bc4 28. Rc2 Bd5 29. f3 1-0

[Event "4NCL Division Three Bishops"]
[Site "Telford, ENG"]
[Date "2024.02.11"]
[Round "6.52"]
[White "Higgie, Charles L"]
[Black "Longson, Alexander"]
[Result "0-1"]
[WhiteElo "1921"]
[BlackElo "2261"]
[PlyCount "70"]
[EventDate "2024.02.11"]
[WhiteTeam "Shropshire & Friends"]
[BlackTeam "Greater Woodpushers"]

1. d4 d5 2. c4 c6 3. Nf3 Nf6 4. Nc3 e6 5. Bg5 Be7 6. e3 h6 7. Bh4 Nbd7 8. cxd5
exd5 9. Bd3 O-O 10. O-O Re8 11. a3 Ne4 12. Bxe7 Qxe7 13. Qc2 Ndf6 14. Ne5 Bf5
15. f3 Nxc3 16. Bxf5 Nb5 17. b4 a5 18. Qc5 Nd6 19. Bh3 Ra6 20. Rfb1 Kf8 21. g3
axb4 22. axb4 Rea8 23. Rxa6 Rxa6 24. Bf1 Ra3 25. Kf2 Nfe4+ 26. fxe4 Nxe4+ 27.
Kg1 Nxc5 28. bxc5 Rxe3 29. Nxc6 bxc6 30. Rb8+ Qe8 31. Rxe8+ Kxe8 32. Kf2 Re4
33. Bd3 Rxd4 34. Ke3 Rxd3+ 35. Kxd3 Ke7 0-1

[Event "4NCL Division Three Bishops"]
[Site "Telford, ENG"]
[Date "2024.02.11"]
[Round "6.53"]
[White "Rawlinson, Aidan M"]
[Black "Bryant, Richard B E"]
[Result "1-0"]
[WhiteElo "2203"]
[BlackElo "1837"]
[PlyCount "109"]
[EventDate "2024.02.11"]
[WhiteTeam "Greater Woodpushers"]
[BlackTeam "Shropshire & Friends"]

1. d4 Nf6 2. c4 e6 3. g3 d5 4. Nf3 dxc4 5. Bg2 c6 6. Ne5 Nbd7 7. Nxc4 Nb6 8.
Nxb6 axb6 9. O-O Be7 10. e4 O-O 11. Be3 Qc7 12. Bf4 Qd7 13. Nc3 Rd8 14. Be3 c5
15. dxc5 bxc5 16. Qe2 Ra5 17. Rfd1 Qe8 18. Rxd8 Qxd8 19. e5 Nd7 20. f4 Qb6 21.
Rd1 Nf8 22. a3 Bd7 23. Ne4 Bc6 24. Nd6 Qc7 25. Bxc6 Qxc6 26. Qg2 Qxg2+ 27. Kxg2
Ng6 28. Rd2 c4 29. Nxc4 Ra8 30. Nb6 Rd8 31. Kf3 f6 32. exf6 gxf6 33. Rxd8+ Bxd8
34. Nd7 Kf7 35. Nc5 b5 36. Ne4 Be7 37. b4 f5 38. Nc3 e5 39. Nxb5 e4+ 40. Ke2 h5
41. Nd4 Kf6 42. Bd2 h4 43. Bc3 hxg3 44. hxg3 Bf8 45. a4 Ne7 46. Nc6+ Ke6 47.
Nxe7 Bxe7 48. a5 Kd7 49. Ke3 Kc6 50. g4 fxg4 51. Kxe4 Kb5 52. f5 Bg5 53. f6 Bh6
54. f7 Kc6 55. Be1 1-0

[Event "4NCL Division Three Bishops"]
[Site "Telford, ENG"]
[Date "2024.02.11"]
[Round "6.54"]
[White "Bailey, Adrian"]
[Black "Longson, Sarah N"]
[Result "0-1"]
[WhiteElo "1779"]
[BlackElo "2087"]
[PlyCount "98"]
[EventDate "2024.02.11"]
[WhiteTeam "Shropshire & Friends"]
[BlackTeam "Greater Woodpushers"]

1. d4 d5 2. c4 c6 3. Nf3 Nf6 4. Nc3 e6 5. e3 Nbd7 6. Bd3 Bd6 7. cxd5 exd5 8.
O-O O-O 9. Qc2 Re8 10. e4 dxe4 11. Nxe4 Nxe4 12. Bxe4 Nf6 13. Bd3 Bg4 14. Ng5
h6 15. Ne4 Bc7 16. Be3 Nd5 17. Bd2 Nf4 18. Bxf4 Bxf4 19. Ng3 Bxg3 20. hxg3 Qxd4
21. Rfe1 Qb4 22. Kf1 Rad8 23. a3 Qb6 24. Rxe8+ Rxe8 25. Re1 Be6 26. Re4 Rd8 27.
Rb4 Qc7 28. Be2 a5 29. Rf4 Qd6 30. Ra4 b6 31. Rf4 c5 32. Bc4 g5 33. Bxe6 Qxe6
34. Re4 Qd5 35. Qe2 Qd1+ 36. Qxd1 Rxd1+ 37. Re1 Rxe1+ 38. Kxe1 Kf8 39. Kd2 Ke7
40. Kc3 b5 41. a4 bxa4 42. Kc4 Kd6 43. Kb5 a3 44. bxa3 Kd5 45. Kxa5 c4 46. Kb4
Kd4 47. a4 c3 48. Kb3 Kd3 49. a5 c2 0-1

[Event "4NCL Division Three Bishops"]
[Site "Telford, ENG"]
[Date "2024.02.11"]
[Round "6.55"]
[White "McLean, Robert"]
[Black "Fisher, Peter"]
[Result "1-0"]
[WhiteElo "2089"]
[BlackElo "1710"]
[PlyCount "88"]
[EventDate "2024.02.11"]
[WhiteTeam "Greater Woodpushers"]
[BlackTeam "Shropshire & Friends"]

1. e4 c5 2. Nf3 d6 3. d4 cxd4 4. Nxd4 Nf6 5. Nc3 a6 6. Bg5 e6 7. f4 Be7 8. Qf3
Nc6 9. Nxc6 bxc6 10. e5 Nd5 11. Bxe7 Qxe7 12. Bd3 dxe5 13. fxe5 Qb4 14. O-O O-O
15. Rae1 Qxb2 16. Nxd5 exd5 17. Qh5 g6 18. Qh6 Bg4 19. Rf4 f5 20. exf6 Rxf6 21.
Rxg4 Qb7 22. h4 Qg7 23. Qxg7+ Kxg7 24. Re7+ Rf7 25. Rxf7+ Kxf7 26. Ra4 a5 27.
Kf2 Kf6 28. Ke3 Ke5 29. Rf4 Ra7 30. Rf8 Kd6 31. g4 Ke5 32. Re8+ Kd6 33. h5 gxh5
34. gxh5 Rg7 35. Rh8 Re7+ 36. Kf2 d4 37. Rxh7 Re8 38. Ra7 Kc5 39. Rxa5+ Kb4 40.
Re5 Rg8 41. h6 c5 42. h7 Rh8 43. Bg6 c4 44. Rh5 Rf8+ 1-0

[Event "4NCL Division Three Bishops"]
[Site "Telford, ENG"]
[Date "2024.02.11"]
[Round "6.56"]
[White "Slegg, Gary"]
[Black "Lee, Daniel T"]
[Result "0-1"]
[WhiteElo "1572"]
[BlackElo "2114"]
[PlyCount "48"]
[EventDate "2024.02.11"]
[WhiteTeam "Shropshire & Friends"]
[BlackTeam "Greater Woodpushers"]

1. d4 Nf6 2. Bf4 d5 3. e3 c5 4. c3 Nc6 5. Nd2 Bf5 6. Ngf3 e6 7. Nh4 Bg6 8. Nxg6
hxg6 9. Nf3 Bd6 10. Ne5 Qc7 11. Bb5 O-O 12. Bxc6 bxc6 13. Qa4 Nh5 14. Bg3 cxd4
15. cxd4 Nxg3 16. hxg3 Bxe5 17. dxe5 Qxe5 18. Qh4 f6 19. Qh7+ Kf7 20. Rh6 Qe4
21. O-O-O c5 22. Rdh1 Rab8 23. R1h4 Qd3 24. Rg4 Qf1+ 0-1

[Event "4NCL Division Three Bishops"]
[Site "Telford, ENG"]
[Date "2024.02.11"]
[Round "6.61"]
[White "Willmoth, Robert F"]
[Black "Kanyamarala, Trisha"]
[Result "1/2-1/2"]
[WhiteElo "2105"]
[BlackElo "2243"]
[PlyCount "86"]
[EventDate "2024.02.11"]
[WhiteTeam "Barnet Knights B"]
[BlackTeam "She Plays To Win Lionesses"]

1. Nf3 d5 2. e3 Nf6 3. b3 Bg4 4. Bb2 Nbd7 5. c4 e6 6. Be2 c6 7. O-O Bd6 8. d4
Ne4 9. Ne5 Bxe2 10. Qxe2 Qc7 11. f4 O-O 12. Nd2 Nxd2 13. Qxd2 Nf6 14. Nd3 Ne4
15. Qc1 Qe7 16. Nf2 f5 17. Nxe4 fxe4 18. a4 Rf6 19. Ba3 Rh6 20. Bxd6 Qxd6 21.
Qa3 Qd8 22. g3 Qe8 23. Rf2 Rf6 24. Rc1 h5 25. h4 Rg6 26. Rg2 Qd7 27. Kh2 Rf8
28. b4 Qe7 29. Qb2 Rg4 30. b5 dxc4 31. bxc6 bxc6 32. Qc2 Rf6 33. Qxc4 Rfg6 34.
Kh3 Qf6 35. Qc5 Qxh4+ 36. gxh4 Rxg2 37. Qg5 R6xg5 38. hxg5 Re2 39. Rxc6 Rxe3+
40. Kh4 g6 41. Rxe6 Kf7 42. d5 Rd3 43. Re5 Re3 1/2-1/2

[Event "4NCL Division Three Bishops"]
[Site "Telford, ENG"]
[Date "2024.02.11"]
[Round "6.62"]
[White "Maton, Emily"]
[Black "Eden, Tomer"]
[Result "0-1"]
[WhiteElo "1703"]
[BlackElo "2154"]
[PlyCount "78"]
[EventDate "2024.02.11"]
[WhiteTeam "She Plays To Win Lionesses"]
[BlackTeam "Barnet Knights B"]

1. c4 e6 2. Nf3 Nf6 3. e3 b6 4. d4 Bb7 5. Nbd2 c5 6. b3 cxd4 7. exd4 Be7 8. Bd3
O-O 9. O-O d5 10. Bb2 Nbd7 11. Qe2 Rc8 12. Ne5 dxc4 13. bxc4 Nxe5 14. dxe5 Nd7
15. Ne4 Nc5 16. Nxc5 Bxc5 17. Be4 Bxe4 18. Qxe4 Qd7 19. Rab1 Rfd8 20. Qf3 Qd3
21. Qg4 Qc2 22. Qf3 Rd2 23. Rbc1 Qg6 24. Rcd1 Rxf2 25. Qxf2 Bxf2+ 26. Kxf2 Qc2+
27. Kg1 h5 28. Rc1 Qe2 29. a3 Rxc4 30. Rxc4 Qxc4 31. Re1 Qc2 32. Bd4 Qd3 33.
Bf2 Qxa3 34. Re3 Qa1+ 35. Re1 Qb2 36. Kf1 a5 37. Re2 Qb1+ 38. Be1 a4 39. Kf2 a3
0-1

[Event "4NCL Division Three Bishops"]
[Site "Telford, ENG"]
[Date "2024.02.11"]
[Round "6.63"]
[White "Ethelontis, Alexandros N"]
[Black "Rida, Ruqayyah"]
[Result "1-0"]
[WhiteElo "2041"]
[BlackElo "1770"]
[PlyCount "123"]
[EventDate "2024.02.11"]
[WhiteTeam "Barnet Knights B"]
[BlackTeam "She Plays To Win Lionesses"]

1. c4 Nf6 2. g3 g6 3. Bg2 Bg7 4. Nc3 O-O 5. d3 c5 6. a3 Nc6 7. Rb1 e6 8. e4 Re8
9. Nge2 d6 10. O-O a6 11. b4 Nd7 12. Bf4 Nde5 13. h3 cxb4 14. axb4 a5 15. bxa5
Qxa5 16. Rb5 Qd8 17. Qd2 Qc7 18. Be3 Qe7 19. Rfb1 f5 20. f4 Nd7 21. Kh2 Nf6 22.
e5 dxe5 23. fxe5 Nd7 24. d4 Ndxe5 25. dxe5 Nxe5 26. R5b4 Rd8 27. Qc2 Nc6 28.
Rb6 Ne5 29. Nb5 h5 30. Bf2 Nd3 31. Bd4 Nb4 32. Qc3 e5 33. Qxb4 Qxb4 34. Rxb4
exd4 35. Bd5+ Kh7 36. Nbxd4 Ra2 37. Rb2 Rxb2 38. Rxb2 Be5 39. Kg2 Rd6 40. h4
Kh6 41. Rb5 Bf6 42. Kf3 g5 43. hxg5+ Kxg5 44. Ke3 Ra6 45. Bxb7 Ra3+ 46. Kf2
Bxb7 47. Rxb7 Ra4 48. Nf3+ Kh6 49. c5 Rc4 50. Rb6 Kg7 51. Nf4 Kf7 52. Rb7+ Ke8
53. Nxh5 Be7 54. Rb8+ Bd8 55. Ng7+ Ke7 56. Nxf5+ Ke6 57. Rxd8 Kxf5 58. Rd5+ Ke6
59. Rh5 Rc2+ 60. Ke3 Rc3+ 61. Ke4 Rc4+ 62. Nd4+ 1-0

[Event "4NCL Division Three Bishops"]
[Site "Telford, ENG"]
[Date "2024.02.11"]
[Round "6.64"]
[White "Latypova, Olga L"]
[Black "Gagan B R"]
[Result "1-0"]
[WhiteElo "1684"]
[BlackElo "1961"]
[PlyCount "79"]
[EventDate "2024.02.11"]
[WhiteTeam "She Plays To Win Lionesses"]
[BlackTeam "Barnet Knights B"]

1. e4 e6 2. d4 d5 3. Nd2 Nf6 4. e5 Nfd7 5. f4 c5 6. c3 Nc6 7. Ndf3 cxd4 8. cxd4
a5 9. g3 a4 10. Bd3 a3 11. Ne2 axb2 12. Bxb2 Qa5+ 13. Kf2 Ba3 14. Bc3 Qa7 15.
Qb3 f6 16. Kg2 Qa4 17. Bb5 Qa7 18. Rhe1 O-O 19. Nc1 fxe5 20. fxe5 Rxf3 21. Kxf3
Nxd4+ 22. Bxd4 Qxd4 23. Nd3 Nc5 24. Qd1 Ne4 25. Kg2 Ra5 26. Qc2 Nc3 27. Be8 b6
28. Rf1 Ba6 29. Rf3 g5 30. Nf2 Rc5 31. Re1 Ne4 32. Qb3 Bb4 33. Rxe4 Qa1 34. Nd1
Ba5 35. Rg4 h6 36. Bf7+ Kh8 37. Bxe6 Bc4 38. Rxc4 dxc4 39. Rf8+ Kg7 40. Rg8+
1-0

[Event "4NCL Division Three Bishops"]
[Site "Telford, ENG"]
[Date "2024.02.11"]
[Round "6.65"]
[White "Horan, George"]
[Black "Acharya, Kandara"]
[Result "0-1"]
[WhiteElo "1957"]
[BlackElo "1589"]
[PlyCount "130"]
[EventDate "2024.02.11"]
[WhiteTeam "Barnet Knights B"]
[BlackTeam "She Plays To Win Lionesses"]

1. e4 c5 2. Nf3 Nc6 3. Bb5 g6 4. O-O Bg7 5. Re1 d6 6. c3 a6 7. Bf1 e5 8. h3
Nge7 9. c4 O-O 10. Nc3 f5 11. d3 h6 12. Nh2 Nd4 13. a4 f4 14. Be2 Qe8 15. Bg4
Qf7 16. Nd5 Nxd5 17. Bxc8 Nb4 18. Bg4 Nbc2 19. Nf3 Nxa1 20. Nxd4 cxd4 21. Bd2
h5 22. Be2 Qf6 23. Qxa1 Qh4 24. f3 Qe7 25. Bb4 a5 26. Bd2 Bf6 27. Qa3 Bh4 28.
Rc1 g5 29. Qb3 Kh8 30. Qb5 g4 31. fxg4 hxg4 32. Bxg4 Bg3 33. c5 f3 34. gxf3 Qh4
35. Rf1 Rg8 36. Kg2 Raf8 37. cxd6 Rxg4 38. fxg4 Rxf1 39. Qe8+ Kg7 40. Qe7+ Rf7
41. Bg5 Rxe7 42. Bxh4 Bxh4 43. dxe7 Kf7 44. e8=Q+ Kxe8 45. Kf3 Ke7 46. Ke2 Kf6
47. Kd2 Kg5 48. Kc2 Kf4 49. Kb3 Ke3 50. Kc4 Bg5 51. Kd5 Kxd3 52. Kxe5 Ke3 53.
Kf5 d3 54. Kxg5 d2 55. e5 d1=Q 56. e6 Qf1 57. Kg6 Qf8 58. h4 Kf4 59. h5 Kxg4
60. h6 Qf5+ 61. Kg7 Qxe6 62. h7 Kg5 63. h8=Q Qe7+ 64. Kg8 Kg6 65. Qg7+ Qxg7#
0-1

[Event "4NCL Division Three Bishops"]
[Site "Telford, ENG"]
[Date "2024.02.11"]
[Round "6.66"]
[White "Ethelontis, Elena"]
[Black "Kirupakaran, Vishnu"]
[Result "0-1"]
[WhiteElo "1319"]
[BlackElo "1866"]
[PlyCount "68"]
[EventDate "2024.02.11"]
[WhiteTeam "She Plays To Win Lionesses"]
[BlackTeam "Barnet Knights B"]

1. d4 a6 2. e4 e6 3. Nf3 b5 4. Bf4 Nf6 5. Bd3 Bb7 6. Nbd2 c5 7. c3 Nc6 8. O-O
Be7 9. b3 O-O 10. Qc2 h6 11. e5 Nd5 12. Bg3 cxd4 13. cxd4 Ncb4 14. Qb1 Nc3 15.
Qb2 Rc8 16. Bb1 Nxb1 17. Raxb1 Rc2 18. Qa1 Nxa2 19. Rb2 Rxb2 20. Qxb2 Nb4 21.
Rd1 Qb6 22. Bf4 Nd3 23. Qb1 Nxf4 24. Kf1 Rc8 25. b4 Nd5 26. Ne4 Bxb4 27. Kg1
Nc3 28. Nxc3 Bxc3 29. Rd3 Be4 30. Qd1 Bxd3 31. Qxd3 Bxd4 32. Qe2 Bxf2+ 33. Qxf2
Rc1+ 34. Ne1 Rxe1# 0-1